Data Mining Concepts and Techniques (Record no. 4710)

MARC details
000 -LEADER
fixed length control field 00350nam a2200145Ia 4500
008 - FIXED-LENGTH DATA ELEMENTS--GENERAL INFORMATION
fixed length control field 191201s2012 xx 000 0 und d
082 ## - DEWEY DECIMAL CLASSIFICATION NUMBER
Classification number 006.3
Item number HAD
100 ## - MAIN ENTRY--PERSONAL NAME
Personal name HAN, Jiawei & Kamber
245 #0 - TITLE STATEMENT
Title Data Mining Concepts and Techniques
250 ## - EDITION STATEMENT
Edition statement Rep
260 ## - PUBLICATION, DISTRIBUTION, ETC. (IMPRINT)
Place of publication, distribution, etc N.Delhi
Name of publisher, distributor, etc Elsevier
Date of publication, distribution, etc 2012
300 ## - PHYSICAL DESCRIPTION
Extent 703
650 ## - SUBJECT ADDED ENTRY--TOPICAL TERM
Topical term or geographic name as entry element MCA
942 ## - ADDED ENTRY ELEMENTS (KOHA)
Source of classification or shelving scheme Dewey Decimal Classification
Koha item type Text Books
942 ## - ADDED ENTRY ELEMENTS (KOHA)
-- 11
Holdings
Withdrawn status Lost status Source of classification or shelving scheme Damaged status Not for loan Collection code Home library Current library Date acquired Source of acquisition Cost, normal purchase price Bill Number Total Checkouts Full call number Acc. no. / Barcode Date last seen Date last borrowed Bill Date Koha item type Checked out
    Dewey Decimal Classification     Computer Science and Engineering in AI & Machine Learning PIET C-LIBRARY PIET C-LIBRARY 09/12/2010 The book company 450.00 IN 5460 5 006.3 HAD 17082 14/01/2023 10/01/2023 07/12/2010 Text Books  
    Dewey Decimal Classification     Computer Science and Engineering in AI & Machine Learning PIET C-LIBRARY PIET C-LIBRARY 09/12/2010 The book company 450.00 IN 5460 2 006.3 HAD 17083 04/01/2022 20/12/2021 07/12/2010 Text Books  
    Dewey Decimal Classification     Computer Science and Engineering in AI & Machine Learning PIET C-LIBRARY PIET C-LIBRARY 09/12/2010 The book company 450.00 IN 5460 1 006.3 HAD 17084 13/12/2022 28/11/2022 07/12/2010 Text Books  
    Dewey Decimal Classification     Computer Science and Engineering in AI & Machine Learning PIET C-LIBRARY PIET C-LIBRARY 09/12/2010 The book company 450.00 IN 5460 1 006.3 HAD 17085 17/01/2024 05/07/2023 07/12/2010 Text Books  
    Dewey Decimal Classification     Computer Science and Engineering in AI & Machine Learning PIET C-LIBRARY PIET C-LIBRARY 09/12/2010 The book company 450.00 IN 5460 2 006.3 HAD 17086 21/03/2023 17/01/2023 07/12/2010 Text Books  
    Dewey Decimal Classification     Computer Science and Engineering in AI & Machine Learning PIET C-LIBRARY PIET C-LIBRARY 09/12/2010 The book company 450.00 IN 5460 1 006.3 HAD 17087 09/11/2021 27/10/2021 07/12/2010 Text Books  
    Dewey Decimal Classification     Computer Science and Engineering in AI & Machine Learning PIET C-LIBRARY PIET C-LIBRARY 09/12/2010 The book company 450.00 IN 5460 1 006.3 HAD 17088 27/10/2020 27/10/2020 07/12/2010 Text Books 10/11/2020

Design & Developed by: PIET Central Library
R70 Miles Stone Pattikalyana Samalkha Panipat 132102
mail ID :- [email protected], Phone No:- 0180-2569700 Ex.216